书目信息 |
| 题名: |
室内装饰材料与施工
|
|
| 作者: | 郭谦 主编 ;方正旗 副主编 | |
| 分册: | ||
| 出版信息: | 北京 中国水利水电出版社 2006.09 |
|
| 页数: | 248页 | |
| 开本: | 29cm | |
| 丛书名: | ||
| 单 册: | ||
| 中图分类: | TU56 , TU767 | |
| 科图分类: | ||
| 主题词: | 室内装饰--建筑材料--装饰材料--高等学校--教材 , 室内装饰--工程施工--高等学校--教材 | |
| 电子资源: | ||
| ISBN: | 978-7-5084-3894-8 | |
| 000 | 01048nam0 2200277 450 | |
| 001 | 003286294 | |
| 005 | 20101122171834.60 | |
| 010 | @a978-7-5084-3894-8@dCNY38.00 | |
| 100 | @a20101129d2006 em y0chiy50 ea | |
| 101 | 0 | @achi |
| 102 | @aCN@b110000 | |
| 105 | @aa a 000yy | |
| 200 | 1 | @a室内装饰材料与施工@Ashi nei zhuang shi cai liao yu shi gong@f郭谦主编@g方正旗副主编 |
| 210 | @a北京@c中国水利水电出版社@d2006.09 | |
| 215 | @a248页@c图@d29cm | |
| 300 | @a现代艺术设计系列教材 室内设计专业 | |
| 320 | @a有书目 (第248页) | |
| 330 | @a本书内容包括:建筑装饰石材及施工;石膏装饰材料及施工方法;水泥、砂浆、室内抹灰材料与施工;建筑装饰陶瓷及其施工方法;玻璃工程及其施工方法;装饰木材、木制品及其施工方法;涂料及其施工方法;建筑装饰材料及其施工方法等。 | |
| 606 | 0 | @a室内装饰@x建筑材料@x装饰材料@x高等学校@j教材 |
| 606 | 0 | @a室内装饰@x工程施工@x高等学校@j教材 |
| 690 | @aTU56@v4 | |
| 690 | @aTU767@v4 | |
| 701 | 0 | @a郭谦@Aguo qian@4主编 |
| 702 | 0 | @a方正旗@Afang zheng qi@4副主编 |
| 801 | 0 | @aCN@c20101129 |
| 905 | @dTU56@eG825 | |
| 室内装饰材料与施工/郭谦主编/方正旗副主编.-北京:中国水利水电出版社,2006.09 |
| 248页:图;29cm |
| 现代艺术设计系列教材 室内设计专业 |
| ISBN 978-7-5084-3894-8:CNY38.00 |
| 本书内容包括:建筑装饰石材及施工;石膏装饰材料及施工方法;水泥、砂浆、室内抹灰材料与施工;建筑装饰陶瓷及其施工方法;玻璃工程及其施工方法;装饰木材、木制品及其施工方法;涂料及其施工方法;建筑装饰材料及其施工方法等。 |
| ● |
| 相关链接 |
|
|
|
正题名:室内装饰材料与施工
索取号:TU56/G825
 
预约/预借
| 序号 | 登录号 | 条形码 | 馆藏地/架位号 | 状态 | 备注 |
| 1 | 1034593 | 210345937 | 建筑库201/201建筑库 9排3列5层/ [索取号:TU56/G825] | 在馆 | |
| 2 | 1034594 | 210345946 | 建筑库201/201建筑库 9排3列5层/ [索取号:TU56/G825] | 在馆 | |
| 3 | 1034595 | 210345955 | 建筑库201/201建筑库 9排3列5层/ [索取号:TU56/G825] | 在馆 |